000 00514nam a2200169Ia 4500
008 090201s9999 xx 000 0 und d
010 _aKPL-43326
040 _bमराठी
041 _aमराठी
082 _a26352
_b43326
100 _aराजीव नाईक
245 _aरड्.नायक
_cराजीव नाईक
260 _c2004
_bआविष्कार पब्लिकेशन
300 _a292
_bमोठा
600 _aरड्.नायक
942 _cBOOK
999 _c225433
_d225433